[Event "IECG CP.2007.P.00062 email"]
[Site "IECG email"]
[Date "2007.10.01"]
[Round "?"]
[White "Widjaja Saputra, Indrayanto"]
[Black "Sanjur, Reynaldo"]
[Result "1/2-1/2"]
[WhiteElo "970"]
[BlackElo "1200"]
[PlyCount "36"]
[EventDate "2007.10.01"]
[EventType "tourn (corr)"]
[EventRounds "6"]
[SourceTitle "Corr 2011"]
[Source "ChessBase"]
[SourceDate "2010.08.31"]
[SourceVersion "1"]
[SourceVersionDate "2010.08.31"]
[SourceQuality "1"]

1. e4 Nf6 2. Nc3 d5 3. exd5 Nxd5 4. Bc4 e6 5. Nf3 Be7 6. 0-0 0-0 7. d4 Nxc3 8. bxc3 Nd7 9. Qe2 b6 10. Qe4 Rb8 11. Bd3 Nf6 12. Qh4 Bb7 13. Ne5 c5 14. Be3 Rc8 15. Bg5 h6 16. Bxh6 gxh6 17. Qxh6 Ne4 18. Rae1 Bg5 1/2-1/2

[Event "IECC Swiss email"]
[Site "IECC email"]
[Date "2003.12.08"]
[Round "?"]
[White "Widjaja Saputra, Indrayanto"]
[Black "Nyman, James"]
[Result "1-0"]
[WhiteElo "1000"]
[BlackElo "1612"]
[PlyCount "49"]
[EventDate "2003.??.??"]
[EventType "tourn (corr)"]
[EventRounds "6"]
[SourceTitle "Corr 2008"]
[Source "ChessBase"]
[SourceDate "2008.06.24"]
[SourceVersion "1"]
[SourceVersionDate "2008.06.24"]
[SourceQuality "1"]

1. e4 d5 2. exd5 Qxd5 3. Nc3 Qd6 4. d4 Nf6 5. Nf3 a6 6. Bc4 Bg4 7. h3 Bh5 8. Qe2 Nc6 9. Be3 Na5 10. g4 Qb4 11. Bb5+ axb5 12. Qxb5+ Qxb5 13. Nxb5 Nd5 14. gxh5 c6 15. Nc3 Nxc3 16. bxc3 Nc4 17. Ke2 b5 18. Ne5 Nxe5 19. dxe5 Ra4 20. Rhd1 e6 21. Rd4 Ra8 22. h6 gxh6 23. Re4 Ra5 24. c4 b4 25. Bb6 1-0

[Event "IECG CP.2001.P.00024"]
[Site "IECG email"]
[Date "2001.10.01"]
[Round "?"]
[White "Knoeppel, Bjoern"]
[Black "Widjaja Saputra, Indrayanto"]
[Result "1-0"]
[WhiteElo "2057"]
[BlackElo "800"]
[PlyCount "43"]
[EventDate "2001.10.01"]
[EventType "tourn (corr)"]
[EventRounds "6"]
[SourceTitle "Corr 2008"]
[Source "ChessBase"]
[SourceDate "2008.06.24"]
[SourceVersion "1"]
[SourceVersionDate "2008.06.24"]
[SourceQuality "1"]

1. e4 d5 2. d4 dxe4 3. Nc3 Nf6 4. f3 exf3 5. Nxf3 Bg4 6. h3 Bh5 7. g4 Bg6 8. Ne5 e6 9. Bg2 c6 10. h4 Bb4 11. Bg5 Qd6 12. 0-0 Bxc2 13. Qd2 Bg6 14. h5 Nxh5 15. gxh5 Bxh5 16. Ne4 Qf8 17. Qe3 h6 18. Bf4 Nd7 19. Nc4 Kd8 20. Ned6 Rb8 21. a3 g5 22. Nxf7+ 1-0

[Event "IECG CP.2001.P.00024"]
[Site "IECG email"]
[Date "2001.10.01"]
[Round "?"]
[White "Widjaja Saputra, Indrayanto"]
[Black "Kazakhov, Maxim"]
[Result "0-1"]
[WhiteElo "800"]
[BlackElo "1925"]
[PlyCount "88"]
[EventDate "2001.10.01"]
[EventType "tourn (corr)"]
[EventRounds "6"]
[SourceTitle "Corr 2008"]
[Source "ChessBase"]
[SourceDate "2008.06.24"]
[SourceVersion "1"]
[SourceVersionDate "2008.06.24"]
[SourceQuality "1"]

1. e4 e5 2. Nf3 Nc6 3. Bc4 Nf6 4. d3 Be7 5. 0-0 d6 6. c3 0-0 7. Bb3 Bg4 8. Nbd2 d5 9. Ba4 dxe4 10. dxe4 Qd6 11. Nc4 Qe6 12. Bxc6 Bxf3 13. Qxf3 Qxc6 14. Nxe5 Qxe4 15. Bf4 Qxf3 16. Nxf3 c6 17. Rfe1 Bc5 18. b4 Nd5 19. Bg3 Bb6 20. a4 a5 21. c4 Nxb4 22. Re7 Ra7 23. Rd1 Bc5 24. Red7 Na6 25. Nd2 Nb8 26. Bxb8 Rxb8 27. Ne4 Bf8 28. Nd6 Bxd6 29. R1xd6 Raa8 30. h4 h6 31. c5 b5 32. cxb6 Rxb6 33. g3 Rb1+ 34. Kg2 Rc1 35. Rd4 Rc5 36. Rc7 Re8 37. Rf4 Rf8 38. Kf3 h5 39. Kg2 f5 40. Rd4 Rf6 41. Rdd7 Rg6 42. Rf7 Re5 43. f3 Rd5 44. Ra7 Rc5 0-1